Peniaze hýbu úradníkmi i riaditeľmi

Opakujúce sa zistenia Najvyššieho kontrolného úradu SR v nakladaní s prostriedkami štátneho rozpočtu a majetkom štátu. Zo Správy o výsledkoch kontrolnej činnosti NKÚ SR za r. 1996.

Enregistré dans:
Détails bibliographiques
Auteur principal: Višváder, P.
Format: Chapitre de livre
Langue:slovaque
Sujets:
Tags: Ajouter un tag
Pas de tags, Soyez le premier à ajouter un tag!

MARC

LEADER 00000naa a2200000 4500
001 r026161
005 20230824090400.0
041 0 |a slo 
044 |a SK 
245 1 0 |a Peniaze hýbu úradníkmi i riaditeľmi  |c P. Višváder 
520 |a Opakujúce sa zistenia Najvyššieho kontrolného úradu SR v nakladaní s prostriedkami štátneho rozpočtu a majetkom štátu. Zo Správy o výsledkoch kontrolnej činnosti NKÚ SR za r. 1996. 
610 2 0 |a Slovensko 
610 2 0 |a 1996 
610 2 0 |a kontrola národohospodárska 
610 2 0 |a NKÚ SR Bratislava 
610 2 0 |a rozpočet štátny 
610 2 0 |a majetok štátny 
100 1 |a Višváder, P.